Statistics for Marvel Supervillains

Click here to take the quiz!

General Stats

  • This quiz has been taken 91 times
    (38 since last reset)
  • The average score is 61 of 171

Answer Stats

HintAnswer% Correct
Victor Von DoomDoctor Doom
97%
Norman OsbornGreen Goblin
97%
God Of MischiefLoki
97%
The Mad TitanThanos
97%
Devourer Of WorldsGalactus
91%
Eddie BrockVenom
91%
Otto OctaviusDoctor Octopus
85%
Johann SchmidtRed Skull
85%
Flint MarkoSandman
82%
Max DillonElectro
79%
Curt ConnorsLizard
76%
Evil RobotUltron
76%
Cletus KasadyCarnage
74%
Max EisenhardtMagneto
74%
Emil BlonskyAbomination
71%
Wilson FiskKingpin
68%
Adrian ToomesVulture
68%
Felicia HardyBlack Cat
65%
Ruler Of The Dark DimensionDormammu
65%
Raven DarkholmeMystique
65%
Thunderbolt RossRed Hulk
65%
Helmut ZemoBaron Zemo
62%
The God KillerGorr The God Butcher
62%
Michael MorbiusMorbius
62%
Quentin BeckMysterio
62%
Aleksei SytsevichRhino
62%
God Of WarAres
59%
Goddess Of DeathHela
59%
Obadiah StaneIron Monger
59%
Nathaniel RichardsKang The Conqueror
59%
N'JadakaKillmonger
59%
Leader Of The Ten RingsMandarin
59%
Marvel's DevilMephisto
59%
Victor CreedSabretooth
59%
En Sabah NurApocalypse
56%
The Living PlanetEgo
56%
Ned LeedsHobgoblin
56%
Elektra NatchiosElektra
53%
Cain MarkoJuggernaut
53%
Ulysses KlawKlaw
53%
Sergei KravinoffKraven The Hunter
53%
Mac GarganScorpion
53%
Anton VankoWhiplash
53%
Darren CrossYellowjacket
53%
Ruler Of The Dark ElvesMalekith
50%
Kl'rtSuper Skrull
50%
Carl CreelAbsorbing Man
47%
Brock RumlowCrossbones
47%
Samuel SternsLeader
47%
Martin LiMister Negative
47%
George TarletonM.O.D.O.K.
47%
Aaron DavisProwler
47%
Kree FanaticRonan The Accuser
47%
Tony MastersTaskmaster
47%
Karl MordoBaron Mordo
44%
Member Of The Black OrderEbony Maw
44%
King Of The Frost GiantsLaufey
44%
Nathaniel EssexMr. Sinister
44%
Member Of The Black OrderProxima Midnight
44%
Mutant Hunting RobotsSentinels
44%
Herman SchultzShocker
44%
Fire GiantSurtur
44%
Member Of The Black OrderCorvus Glaive
41%
Giant Dragon CreatureFin Fang Foom
41%
Karl MorgenthauFlag-Smasher
41%
Evil, Old Version Of The HulkMaestro
41%
SkurgeThe Executioner
41%
Wolfgang Von StruckerBaron Strucker
38%
Georges BatrocBatroc The Leaper
38%
Fred DukesBlob
38%
LesterBullseye
38%
Member Of The Black OrderCull Obsidian
38%
AmoraEnchantress
38%
Ava StarrGhost
38%
M'BakuMan-Ape
38%
Lord Of The Negative ZoneAnnihilus
35%
HYDRA's Living ComputerArnim Zola
35%
Dimitri SmerdyakovChameleon
35%
Morris BenchHydro-Man
35%
Michael KorvacKorvac
35%
Black Bolt's BrotherMaximus
35%
Morganna Le FayMorgan Le Fay
35%
John AllerdycePyro
35%
Betty RossRed She-Hulk
35%
Mortimer TonybeeToad
35%
Played By Kathryn HahnAgatha Harkness
32%
Played By Mads MikkelsenKaecilius
32%
AlgrimKurse
32%
Ruler Of The Dream DimensionNightmare
32%
Lorna DanePolaris
32%
Zebediah KilgravePurple Man
32%
Keniuchio HaradaSilver Samurai
32%
Member Of The Black OrderSupergiant
32%
Taneleer TivanThe Collector
32%
Miles WarrenThe Jackal
32%
Phineas MasonTinkerer
32%
Madame HYDRAViper
32%
Played By Guy PearceAldrich Killian
29%
The Barbarian Of The OceanAttuma
29%
Eric WilliamsGrim Reaper
26%
Member Of The HYDRA FourHammer
26%
Herbert Edgar WyndhamHigh Evolutionary
26%
Jason WyngardeMastermind
26%
Devourer Of TotemsMorlun
26%
En Dwi GastThe Grandmaster
26%
Alonzo LincolnTombstone
26%
Abner JenkinsBeetle
24%
William RussoJigsaw
24%
Harvey ElderMole Man
24%
Karla SofenMoonstone
24%
Cyborg Clone Of ThorRagnarok
24%
Silvija SablinovaSilver Sable
24%
Parker RobbinsThe Hood
24%
Jonathan OhnnThe Spot
24%
Bentley WittmanWizard
24%
Elihas StarrEgghead
21%
Chen LuRadioactive Man
21%
TerminatrixRavonna
21%
Mary MacPherranTitania
21%
Erik JostenAtlas
18%
Donnie GillBlizzard
18%
JosephHammerhead
18%
Loxias CrownHunger
18%
Alexander GentryPorcupine
18%
Played By Kevin BaconSebastian Shaw
18%
DavosSteel Serpent
18%
Alien With A Ridiculous NameTaserface
18%
Eliot FranklinThunderball
18%
Dirk GarthwaiteWrecker
18%
David AngarAngar The Screamer
15%
Played By Ethan HawkeArthur Harrow
15%
Marcus DanielsBlackout
15%
Henry CampBulldozer
15%
William CrossCrossfire
15%
Eugene PatilioLeap-Frog
15%
Brian CaluskyPiledriver
15%
Silvio ManfrediSilvermane
15%
Living Wooden Statue From SpaceThe Living Totem
15%
Ruler Of The SovereignAyesha
12%
Member Of The HYDRA FourBowman
12%
Kazimierz KazimierczakClown
12%
N'KantuLiving Mummy
12%
Member Of The HYDRA FourMilitant
12%
Carlton DrakeRiot
12%
Muzzafar LambertSaracen
12%
Sergei KrylovThe Presence
12%
Antonio RodriguezArmadillo
9%
Frank PayneConstrictor
9%
Yon-RoggMagnitron
9%
William "Bill" TaurensMan-Bull
9%
Bruno HorganMelter
9%
Olinka BarankovaM.O.D.A.M.
9%
Angmo-Asan IIRed King
9%
Lord Of ChaosShuma-Gorath
9%
Li Ching-LinDeath Dealer
6%
Lt. Doug Johnson IIIDetroit Steel
6%
William YoungRazor Fist
6%
Frances BarrisonShriek
6%
James SandersSpeed Demon
6%
Member Of The HYDRA FourTactical Force
6%
Leslie GesneriaAgony
3%
Old West Circus OwnerCaptain Corbett
3%
Alejandro MontoyaEl Águila
3%
Marian PouncyPoundcakes
3%
Janos QuestedRiptide
3%
Alvin HealeyTenpin
3%
The Abominable Snow-KingTorg
3%
David CannonWhirlwind
3%
Kenji ObatuDoctor Spectrum
0%
Lily HollisterMenace
0%
Richard DeaconThe Human Fly
0%

Score Distribution

Percentile by Number Answered

Percent of People with Each Score

Your Score History

You have not taken this quiz since the last reset